Psychologické aspekty neistoty

Saved in:
Bibliographic Details
Main Author Bavoľár, Jozef
Format Electronic eBook
LanguageCzech
Published Grada SK 2025
Edition1. elektronické vydání
Subjects
Online AccessDostupné v BOOKPORT po přihlášení pomocí eduID
ISBN978-80-8305-074-7
978-80-8305-072-3
Physical Description1 online zdroj (144 stran)

Cover

LEADER 00000nam a2200000 i 4500
001 bkp100434
003 CZ-prgp
005 20250623101820.0
006 m o d
007 cr cn
008 250623s2025 xr o 000 0 cze
020 |a 978-80-8305-074-7  |c 361 Kč  |q (online ; epub) 
020 |a 978-80-8305-072-3  |c 425 Kč  |q (print) 
040 |a Grada  |b cze  |e rda 
100 1 |a Bavoľár, Jozef 
245 1 0 |a Psychologické aspekty neistoty  |c Jozef Bavoľár 
250 |a 1. elektronické vydání 
264 1 |b Grada SK  |c 2025 
300 |a 1 online zdroj (144 stran) 
336 |a text  |b txt  |2 rdacontent 
337 |a počítač  |b c  |2 rdamedia 
338 |a online zdroj  |b cr  |2 rdacarrier 
520 3 |a Táto kniha ponúka čitateľovi prehľad v súčasnosti dominantných perspektív týkajúcich sa konceptu neistoty v kontexte psychológie. Aké sú základné spôsoby komunikácie neistoty? Aké sú dopady neistoty na naše psychické zdravie? Dokážeme ju využiť vo svoj prospech? Toto všetko a viac sa dozviete práve v publikácii Psychologické aspekty neistoty. 
650 0 4 |a Psychologie a pedagogika 
650 0 4 |a Psychologie 
650 0 4 |a Psychologie odborná 
650 0 4 |a Psychologie pro každého 
856 4 0 |u https://www.bookport.cz/AccountSaml/SignIn/?idp=https://shibboleth.utb.cz/idp/shibboleth&returnUrl=/kniha/psychologicke-aspekty-neistoty-14944/  |y Dostupné v BOOKPORT po přihlášení pomocí eduID